000 00666nam a22002177a 4500
003 UA-OsUOA
001 95333
007 ta
008 20130227b un ||||| |||| 00| 0 ukr d
100 _aРябініна Л.
090 _a330(477)
_bР98
942 _cSA
040 _aUA-OsUOA
_bukr
_cUA-OsUOA
_dUA-OsUOA
245 _aОснова функціонування банку як специфічного підприємтсва та особливості кругообігу його капіталу
300 _aС.78-89
955 _a0
041 _aukr
080 _a330(477)
773 0 _w95324
650 7 _a330 Економіка взагалі
_2UDC
999 _c381584
_d381584